Data acquisition IC handbook

Gardado en:
Detalles Bibliográficos
Formato: Libro
Idioma:English
Publicado: Mountain View,Calif. : Teledyne Semiconductor, [19--?].
Subjects:
LEADER 00947cam a2200253 a 4500
001 c000181135
003 CARM
005 20050221140812.0
008 960102s1977 cau 000 0 eng d
019 1 |a 28152450  |5 LACONCORD2021 
035 |a (OCoLC)16671292  |5 LACONCORD2021 
040 |a VCAV  |b eng  |c VCAV 
082 0 4 |a 621.381502  |2 21 
245 0 0 |a Data acquisition IC handbook 
260 |a Mountain View,Calif. :  |b Teledyne Semiconductor,  |c [19--?]. 
300 |a 1 v. (various pagings) :  |b ill. ;  |c 23 cm. 
500 |a Includes tables & diagrams. 
650 0 |a Semiconductor circuits. 
650 0 |a Analog-to-digital converters. 
650 0 |a Digital-to-analog converters. 
650 0 |a Digital control systems 
852 8 |b CARM  |h A3:AE04E0  |i D07645  |p 0248338  |f BK 
999 f f |i 99e1840c-b29e-5486-a730-e518844dd8f6  |s 634c8c03-8f78-5d45-b585-dda1a9d3b10d 
952 f f |p Can circulate  |a CAVAL  |b CAVAL  |c CAVAL  |d CARM 1 Store  |e D07645  |f A3:AE04E0  |h Other scheme  |i book  |m 0248338